00281nam a2200121Ia 4500008004100000082001400041100001500055245002400070250000800094260002500102300001100127650002100138150201s2011 xx 000 0 und d a612bP11J aJAIN, A.K. aHUMAN PHYSIOLOGY -2 a4TH bARICHALaDELHIc2011 a1-1154 aHUMAN PHYSIOLOGY